| 000 | 00606nam a2200205Ia 4500 | ||
|---|---|---|---|
| 005 | 20220209161537.0 | ||
| 008 | 210716s2016 xx 000 0 und d | ||
| 020 | _a9780230330528 | ||
| 040 | _cAIMIT LIBRARY | ||
| 041 | _aeng | ||
| 082 |
_a332.12 _21 _bKULP |
||
| 100 |
_aKulkarni, P R. _918752 |
||
| 245 |
_aCo-operative banking / _cBy P R Kulkarni. |
||
| 250 | _a1st ed. | ||
| 260 |
_aNew Delhi : _bMacmillan India Ltd , _c2016. |
||
| 300 |
_axiv,420p. ; _c24 cm. |
||
| 650 |
_aPrinciples and Laws. _918808 |
||
| 650 |
_aTechnology and risk Management. _918809 |
||
| 942 |
_2ddc _cBK _e1st _k332.12 KULP |
||
| 999 |
_c210170 _d210170 |
||